000
00235nam a2200109Ia 4500
999
_c
8597
_d
8597
020
_a
978-0534932190
100
_a
Burden, Faires
245
0
_a
Numerical Analysis
260
_a
USA
_b
World Scientific
_c
1998
300
_a
530
942
_c
BK